Hotel rooms division management and control system / (Record no. 276908)
[ view plain ]
| 000 -LEADER | |
|---|---|
| fixed length control field | 00596nam a2200181 a 4500 |
| 001 - CONTROL NUMBER | |
| control field | FIB033297 |
| 005 - DATE AND TIME OF LATEST TRANSACTION | |
| control field | 20141210152038.0 |
| 008 - FIXED-LENGTH DATA ELEMENTS--GENERAL INFORMATION | |
| fixed length control field | |
| 020 ## - INTERNATIONAL STANDARD BOOK NUMBER | |
| International Standard Book Number | 9789719533870 |
| 050 ## - LIBRARY OF CONGRESS CALL NUMBER | |
| Classification number | TX 911.3.M27 |
| Item number | .R618 2012 |
| 100 ## - MAIN ENTRY--PERSONAL NAME | |
| Personal name | Rodolfa, Bernardo B. |
| 245 #0 - TITLE STATEMENT | |
| Title | Hotel rooms division management and control system / |
| Statement of responsibility, etc | Bernardo B. Rodolfa. |
| 260 ## - PUBLICATION, DISTRIBUTION, ETC. (IMPRINT) | |
| Place of publication, distribution, etc | Manila : |
| Name of publisher, distributor, etc | Purely Books Trading & Publishing Corp., |
| Date of publication, distribution, etc | 2012. |
| 300 ## - PHYSICAL DESCRIPTION | |
| Extent | xii, 98 p. : |
| Other physical details | ill. ; |
| Dimensions | 23 cm. |
| 504 ## - BIBLIOGRAPHY, ETC. NOTE | |
| Bibliography, etc | Includes bibliographical references. |
| 650 ## - SUBJECT ADDED ENTRY--TOPICAL TERM | |
| Topical term or geographic name as entry element | Hotel management. |
| 942 ## - ADDED ENTRY ELEMENTS (KOHA) | |
| Source of classification or shelving scheme | Library of Congress Classification |
| Koha item type | Books |
| Call number prefix | Filipininana |
| Withdrawn status | Lost status | Source of classification or shelving scheme | Damaged status | Home library | Current library | Shelving location | Date acquired | Sub Shelving location | Total Checkouts | Total Renewals | Full call number | Barcode | Date last seen | Date checked out | Price effective from | Koha item type |
|---|---|---|---|---|---|---|---|---|---|---|---|---|---|---|---|---|
| Library of Congress Classification | College Library | College Library | Filipiniana Section | 12/10/2014 | 1 | 6 | TX 911.3.M27 .R618 2012 | C18998 | 05/08/2018 | 06/27/2016 | 12/10/2014 | Books |